000 01137nam a2200253Ia 4500
003 Ost
005 20260507075121.0
008 260507s9999||||xx |||||||||||||| ||und||
020 _a9773371387
040 _cfsecg
041 _aara
082 _a330
100 _eمؤلف
245 0 _aالتخطيط الإستراتيجي :
_bهل يخلو المستقبل من المخاطر؟ /
250 _aطبعة 2
260 _aالقاهرة:
_bمركز الخبرات المهنية للإدارة,
_c2005
300 _a210 صفحة؛
_c24 سم
490 _aسلسلة إصدارات بميك
520 _aالسياسات والإستراتيجيات-الإستعداد لمواجهة المستقبل-الرؤية في التفكير الإستراتيجي-الرؤية والتخطيط-مواقف الخبرة الناشئة عن إستخدام سيناريوهات بديلة كإستراتيجية لتصوير المستقبل-التفكير أداة إستراتيجية.
653 _aالإستراتيجيات
653 _aالتخطيط
653 _aالتخطيط الإستراتيجي
942 _cكتاب
999 _c43087
_d43087